Psychological testing
Saved in:
| Main Author: | |
|---|---|
| Format: | Book |
| Language: | English |
| Published: |
New York :
Macmillan,
1982
|
| Edition: | 5th ed. |
| Subjects: | |
| Tags: |
Add Tag
No Tags, Be the first to tag this record!
|
MARC
| LEADER | 00000nam a2200000 i 4500 | ||
|---|---|---|---|
| 001 | 1/83305 | ||
| 008 | 960624s1982 eng d | ||
| 020 | |a 0-02-302960-9 | ||
| 035 | |a 1987 |c Αγορά |l 10034159 | ||
| 040 | |a GR-MY-UA |b gre |e aacr | ||
| 041 | 0 | |a eng | |
| 082 | 0 | |a 150.287 | |
| 100 | 1 | |a Anastasi, Anne |d 1908- | |
| 245 | 1 | 0 | |a Psychological testing / |c Anne Anastasi |
| 250 | |a 5th ed. | ||
| 260 | |a New York : |b Macmillan, |c 1982 | ||
| 300 | |a 784 p. | ||
| 650 | 0 | 0 | |a Psychological tests. |
| 650 | 0 | 0 | |a Psychology |x Methodology. |
| 650 | 0 | 0 | |a Personality tests. |
| 650 | 0 | 0 | |a Educational tests and measurements. |
| 852 | |a INST |b RHODES |e 19960624 |h 150.287 ANA |p 005400004813 |q 005400004813 |t BK |y 0 | ||
| 852 | |a INST |b RHODES |e 19960624 |h 150.287 ANA |p 005400004814 |q 005400004814 |t BK |y 0 | ||
| 909 | |a Ρ |b 006458 |c 1987 | ||
| 909 | |a Ρ |b 008166 |c 1987 | ||